000 00569nam a2200217 a 4500
005 20210219152939.0
008 991125n 000 0 u
035 _aUPN01000068211
100 _aSANTANA HENRIQUEZ, Mirta
222 _aEDUCACION
245 _aComo preparar las clases
260 _aCuba
300 _a55-66
362 _a1975 Año 5, no. 19, oct.-dic.
653 0 _aCLASE ESCOLAR
653 0 _aEDUCACION SOCIALISTA
653 0 _aPROCESO ENSEÑANZA-APRENDIZAJE
653 0 _aPSICOLOGIA EDUCATIVA
904 _aAC
_b006022
905 _aArticulo
999 _c64418
_d64418